[Event "Corona Open"]
[Site "Biel/Bienne"]
[Date "2020.07.23"]
[Round "4.1"]
[White "Buchenau, Frank"]
[Black "Bauer, Christian"]
[Result "0-1"]
[WhiteElo "2278"]
[BlackElo "2623"]
[PlyCount "52"]
[EventDate "2020.07.20"]
[EventCountry "SUI"]
[SourceVersionDate "2020.07.21"]

1. e4 c5 2. Nf3 e6 3. d4 cxd4 4. Nxd4 Nc6 5. Nc3 Qc7 6. Be3 Nf6 7. Bd3 a6 8.
O-O Ne5 9. Be2 d6 10. f4 Nc4 11. Bxc4 Qxc4 12. Qf3 Qc7 13. g4 h5 14. g5 Ng4 15.
Rad1 Nxe3 16. Qxe3 Be7 17. f5 g6 18. fxg6 fxg6 19. Nb3 Bd7 20. h4 O-O-O 21. Rf7
Rde8 22. Qd4 Rhf8 23. Rdf1 Bc6 24. Rxf8 Bxf8 25. Kg2 Bg7 26. Qd3 Bxc3 0-1

[Event "Corona Open"]
[Site "Biel/Bienne"]
[Date "2020.07.23"]
[Round "4.2"]
[White "Meins, Gerlef"]
[Black "Contin, Daniel"]
[Result "1-0"]
[WhiteElo "2415"]
[BlackElo "2251"]
[PlyCount "87"]
[EventDate "2020.07.20"]
[EventCountry "SUI"]
[SourceVersionDate "2020.07.21"]

1. d4 e6 2. c4 Nf6 3. Nf3 b6 4. g3 Ba6 5. Qc2 c6 6. e4 d5 7. cxd5 Bxf1 8. Kxf1
cxd5 9. e5 Ne4 10. Nbd2 Nxd2+ 11. Bxd2 Be7 12. Kg2 O-O 13. Rac1 Nd7 14. Qd3 a6
15. Rc6 Rc8 16. Rhc1 Nc5 17. Rxc8 Nxd3 18. Rxd8 Bxd8 19. Rc2 f6 20. Ne1 Nxe1+
21. Bxe1 fxe5 22. dxe5 a5 23. Rc6 Kf7 24. a4 Re8 25. b4 g5 26. g4 Re7 27. b5
Rd7 28. Kf3 Bc7 29. Bc3 d4 30. Bxd4 Rxd4 31. Rxc7+ Kf8 32. Rc6 Kf7 33. Rxb6
Rxa4 34. Rb7+ Kf8 35. Rxh7 Rf4+ 36. Kg3 Rb4 37. Rb7 a4 38. b6 a3 39. Ra7 Rxb6
40. Rxa3 Rb4 41. h4 gxh4+ 42. Kxh4 Re4 43. Kg5 Re2 44. f4 1-0

[Event "Corona Open"]
[Site "Biel/Bienne"]
[Date "2020.07.23"]
[Round "4.3"]
[White "Karsay, Pascal"]
[Black "Decker, Nils"]
[Result "0-1"]
[WhiteElo "2304"]
[BlackElo "2047"]
[PlyCount "112"]
[EventDate "2020.07.20"]
[EventCountry "SUI"]
[SourceVersionDate "2020.07.21"]

1. c4 e5 2. Nc3 Nf6 3. Nf3 e4 4. Ng5 b5 5. Ngxe4 bxc4 6. e3 Nxe4 7. Nxe4 d5 8.
Nc3 c6 9. d3 cxd3 10. Bxd3 Nd7 11. O-O Ne5 12. Be2 h5 13. Qd4 Qf6 14. Rd1 Rb8
15. a3 h4 16. e4 h3 17. exd5 c5 18. Qf4 hxg2 19. Bb5+ Rxb5 20. Nxb5 Nf3+ 21.
Kxg2 Rxh2+ 22. Kxf3 Bg4+ 23. Kxg4 Qh4+ 24. Kf3 Rxf2+ 25. Ke4 Qe7+ 26. Qe5 Re2+
27. Be3 Rxe3+ 28. Kxe3 Qxe5+ 29. Kd3 Qxd5+ 30. Kc3 Qe5+ 31. Kc4 Be7 32. Nc3
Qe6+ 33. Rd5 Qg4+ 34. Kb5 Qg2 35. Re1 Qxb2+ 36. Kc4 f6 37. Rxc5 Qf2 38. Rc8+
Kd7 39. Rc7+ Kxc7 40. Rxe7+ Kc6 41. Rxg7 a6 42. Rf7 Qf5 43. Rg7 Qh5 44. Kb3 f5
45. Ra7 Kb6 46. Rd7 Qf3 47. Rf7 Kc5 48. Kc2 f4 49. Rf6 Kc4 50. Nb1 Qb3+ 51. Kc1
Kd3 52. Rd6+ Ke3 53. Rc6 Kd3 54. Rd6+ Ke2 55. Rd2+ Ke1 56. Rb2 Qd1# 0-1

[Event "Corona Open"]
[Site "Biel/Bienne"]
[Date "2020.07.23"]
[Round "4.4"]
[White "Rohrer, Christophe"]
[Black "Kamber, Bruno"]
[Result "1-0"]
[WhiteElo "2235"]
[BlackElo "2290"]
[Annotator "Workshop,Festival"]
[PlyCount "163"]
[EventDate "2020.07.20"]
[EventCountry "SUI"]
[SourceVersionDate "2020.07.21"]

1. e4 g6 2. d4 Bg7 3. Nc3 Nc6 4. Nf3 d6 5. d5 Nb8 6. h3 c6 7. Bd3 Nf6 8. O-O
O-O 9. Re1 Nbd7 10. Bg5 Nc5 11. Bf1 e5 12. b4 Ncd7 13. dxc6 Nb6 14. Nb5 d5 15.
Nxe5 dxe4 16. Qxd8 Rxd8 17. Nc7 Rb8 18. Rad1 Rf8 19. Bxf6 Bxf6 20. Nd7 Bxd7 21.
cxd7 Rbd8 22. Rxe4 Nxd7 23. Nd5 Bg7 24. Re7 Nf6 25. c4 Nxd5 26. cxd5 Rb8 27. d6
Bf6 28. Rc7 Bd8 29. Rd7 a5 30. b5 Bb6 31. Bc4 Bc5 32. Rc7 Bb6 33. Rd7 Bc5 34.
Rc7 Bb6 35. Re7 Bd8 36. Re4 Rc8 37. Bd5 Rc2 38. d7 Bb6 39. Rf4 Kg7 40. a4 Bc7
41. Rc4 Rxc4 42. Bxc4 Rd8 43. b6 Bxb6 {(=)} 44. Bb5 Bc5 45. Re1 Kf6 46. Re8 Be7
47. g4 h5 48. g5+ Ke6 49. f4 Rxd7 50. Bxd7+ Kxd7 51. Ra8 Bd6 52. Rxa5 Bxf4 53.
Kg2 Bc7 54. Rb5 b6 55. Kf3 Bd8 56. Ke4 h4 57. Kf4 f5 58. gxf6 Ke6 59. Kg5 Kf7
60. Kxh4 Bxf6+ 61. Kg4 Bd4 62. Rd5 Be3 63. Rd6 Bc5 64. Rc6 Be3 65. Kf3 Bg1 66.
Rc1 Bh2 67. Ke4 Kg7 68. Rb1 Bc7 69. Kd5 Bd8 70. Ke6 Kh6 71. Kd7 Bh4 72. Rxb6
Bg3 73. Rb3 Be1 74. Re3 Bd2 75. Rd3 Be1 76. Kc6 Kh5 77. a5 Bf2 78. a6 Kh4 79.
Kb7 Bg3 80. a7 Kxh3 81. a8=Q g5 82. Qa3 1-0

[Event "Corona Open"]
[Site "Biel/Bienne"]
[Date "2020.07.23"]
[Round "4.5"]
[White "Jovanovic, Sladjan"]
[Black "Gschnitzer, Adrian"]
[Result "1/2-1/2"]
[WhiteElo "2176"]
[BlackElo "2404"]
[Annotator "Workshop,Festival"]
[PlyCount "82"]
[EventDate "2020.07.20"]
[EventCountry "SUI"]
[SourceVersionDate "2020.07.21"]

1. d4 Nf6 2. Nf3 c5 3. e3 cxd4 4. exd4 d5 5. h3 Nc6 6. c3 g6 7. Bd3 Bf5 8. Bf4
Bg7 9. Bxf5 gxf5 10. Ne5 O-O 11. Nd2 Nxe5 12. Bxe5 Ne4 13. Bxg7 Kxg7 14. a4 Rc8
15. O-O Qb6 16. Nxe4 fxe4 17. Qd2 Qg6 18. Qf4 e6 19. f3 f5 20. Rae1 Kg8 21. Re3
{(=)} Rf7 22. Kh2 Rg7 23. Rf2 Qg5 24. Qxg5 Rxg5 25. fxe4 fxe4 26. Rf6 Rc6 27.
h4 Rg7 28. h5 Rg5 29. Rg3 Rxg3 30. Kxg3 Kg7 31. Rf1 Rc7 32. Rc1 Kf6 33. Kf4 Rg7
34. Rc2 Rg5 35. g4 e5+ 36. Kg3 Ke6 37. Rf2 exd4 38. cxd4 Rg7 39. Rf8 Rf7 40.
Re8+ Re7 41. Rh8 Rf7 1/2-1/2

[Event "Corona Open"]
[Site "Biel/Bienne"]
[Date "2020.07.23"]
[Round "4.6"]
[White "Pahud, Cedric"]
[Black "Bellahcene, Bilel"]
[Result "1/2-1/2"]
[WhiteElo "2225"]
[BlackElo "2502"]
[Annotator "Workshop,Festival"]
[PlyCount "91"]
[EventDate "2020.07.20"]
[EventCountry "SUI"]
[SourceVersionDate "2020.07.21"]

1. e4 c5 2. Nf3 d6 3. d4 cxd4 4. Nxd4 Nf6 5. Nc3 a6 6. g3 e5 7. Nde2 Be7 8. Bg2
O-O 9. O-O b5 10. Nd5 Nbd7 11. Nec3 Nb6 12. Nxe7+ Qxe7 13. Bg5 Be6 14. a4 b4
15. Nd5 Bxd5 16. exd5 h6 17. Bxf6 Qxf6 18. a5 Nd7 19. Qd2 Rab8 20. Ra4 b3 21.
cxb3 Nc5 22. Ra3 Nxb3 23. Qe2 e4 24. Rb1 Rfe8 25. Qd1 Nc5 26. b4 Nd3 27. Qd2
Ne5 28. Qe2 Rbc8 29. Re3 Qg6 30. Bxe4 f5 31. Bd3 Qf7 32. f4 Nxd3 33. Rxe8+ Rxe8
34. Qxd3 Qa7+ 35. Kg2 Re3 36. Qxf5 Re2+ 37. Kh3 Qf2 38. Rc1 Qxh2+ 39. Kg4 Re8
40. Rc7 Qe2+ 41. Kh3 Qf1+ 42. Kh4 Qh1+ 43. Kg4 Qd1+ 44. Kh3 {(=)} Qh1+ 45. Kg4
Qd1+ 46. Kh3 1/2-1/2

[Event "Corona Open"]
[Site "Biel/Bienne"]
[Date "2020.07.23"]
[Round "4.7"]
[White "Baenziger, Fabian"]
[Black "Saya, Ethan"]
[Result "1/2-1/2"]
[WhiteElo "2403"]
[BlackElo "2199"]
[PlyCount "89"]
[EventDate "2020.07.20"]
[EventCountry "SUI"]
[SourceVersionDate "2020.07.21"]

1. d4 Nf6 2. c4 e6 3. Nf3 b6 4. g3 Bb7 5. Bg2 Be7 6. O-O O-O 7. Re1 a5 8. Bf4
Nh5 9. Bd2 f5 10. Nc3 Nf6 11. Rc1 Ne4 12. Ne5 Nxc3 13. Bxc3 Bxg2 14. Kxg2 Qe8
15. e4 f4 16. Nf3 Bb4 17. e5 Qh5 18. a3 Bxc3 19. Rxc3 Na6 20. Qe2 Rf7 21. Nd2
Qh6 22. Ne4 Raf8 23. f3 fxg3 24. hxg3 Nb8 25. Qe3 Qxe3 26. Rcxe3 Nc6 27. Rd3 h6
28. Nc3 Ne7 29. d5 Nf5 30. Ne4 Re8 31. f4 Kf8 32. d6 cxd6 33. g4 Nh4+ 34. Kg3
Ng6 35. Nxd6 Rxf4 36. Nxe8 Kxe8 37. b3 a4 38. Ree3 axb3 39. Rxb3 Rxc4 40. Rxb6
Rc5 41. a4 Nxe5 42. Ra3 Nc4 43. Rb8+ Ke7 44. Ra2 d5 45. Rb7+ 1/2-1/2

[Event "Corona Open"]
[Site "Biel/Bienne"]
[Date "2020.07.23"]
[Round "4.9"]
[White "Borner, Daniel"]
[Black "Youssoupov, Moisse"]
[Result "0-1"]
[WhiteElo "2154"]
[BlackElo "2333"]
[PlyCount "58"]
[EventDate "2020.07.20"]
[EventCountry "SUI"]
[SourceVersionDate "2020.07.21"]

1. e4 g6 2. d4 d5 3. exd5 Qxd5 4. Nc3 Qd8 5. Bf4 Bg7 6. Qd2 Nf6 7. O-O-O c6 8.
Bh6 O-O 9. h4 Qa5 10. f3 Be6 11. h5 gxh5 12. Bd3 Nbd7 13. d5 cxd5 14. Qg5 Ne8
15. Rxh5 f5 16. Qxe7 Qb6 17. Re1 Bf7 18. Rg5 Qxh6 19. f4 Qd6 20. Nb5 Qxf4+ 21.
Kb1 Nef6 22. Rxf5 Qg4 23. Ref1 Rae8 24. Qd6 Bg6 25. R5f4 Qe6 26. Qb4 Ne4 27.
Nc7 Qe5 28. Nxd5 Rxf4 29. Nxf4 Nd2+ 0-1

[Event "Corona Open"]
[Site "Biel/Bienne"]
[Date "2020.07.23"]
[Round "4.10"]
[White "Moriniaux, Colin"]
[Black "Lorscheid, Gerhard"]
[Result "1/2-1/2"]
[WhiteElo "1963"]
[BlackElo "2241"]
[Annotator "Workshop,Festival"]
[PlyCount "80"]
[EventDate "2020.07.20"]
[EventCountry "SUI"]
[SourceVersionDate "2020.07.21"]

1. d4 g6 2. c4 Bg7 3. Nc3 c5 4. e3 Nf6 5. Nf3 O-O 6. Be2 b6 7. O-O Bb7 8. d5 e6
9. e4 exd5 10. exd5 d6 11. h3 Re8 12. Bd3 Na6 13. Bf4 Nc7 14. a4 Qd7 15. Qb3
Ba6 16. Rfe1 Rxe1+ 17. Rxe1 Re8 18. Rxe8+ Nfxe8 19. Ne1 Qe7 20. Nc2 Bc8 21. a5
Qf6 22. Bg3 Bf5 23. Bxf5 gxf5 24. axb6 axb6 25. Bf4 Bh6 26. Bxh6 Qxh6 27. Ne3
f4 28. Ng4 Qg6 29. Qxb6 Qc2 {(=)} 30. Qb8 Kg7 31. Qd8 Qxb2 32. Qg5+ Kf8 33. Nb5
{(=)} Nxb5 34. cxb5 Qxb5 35. Qxf4 c4 36. Qf5 c3 37. Qxh7 Qb2 38. Ne3 Qd2 39.
Qh6+ Kg8 40. Qg5+ Kf8 1/2-1/2

[Event "Corona Open"]
[Site "Biel/Bienne"]
[Date "2020.07.23"]
[Round "4.11"]
[White "Pellicoro, Nathalie"]
[Black "Siebrecht, Sebastian"]
[Result "0-1"]
[WhiteElo "1856"]
[BlackElo "2429"]
[PlyCount "64"]
[EventDate "2020.07.20"]
[EventCountry "SUI"]
[SourceVersionDate "2020.07.21"]

1. e4 g6 2. d4 Bg7 3. Nf3 d6 4. Bc4 a6 5. a4 e6 6. Bb3 b6 7. c3 Bb7 8. Qe2 Nd7
9. O-O h6 10. Re1 Ne7 11. Nbd2 O-O 12. Nf1 c5 13. Bd2 Qc7 14. Rad1 b5 15. Ng3
Nb6 16. axb5 axb5 17. Ra1 c4 18. Bc2 Nc6 19. b3 Na5 20. b4 Nb3 21. Bxb3 cxb3
22. Rab1 Nc4 23. Rxb3 Ra2 24. Rbb1 Nxd2 25. Nxd2 Qxc3 26. Red1 Bxd4 27. Rb3 Qc6
28. Qd3 Qb6 29. Rf1 Rc8 30. Ne2 Be5 31. Rc1 Rxc1+ 32. Nxc1 Ra1 0-1

[Event "Corona Open"]
[Site "Biel/Bienne"]
[Date "2020.07.23"]
[Round "4.12"]
[White "Adrian, Claude"]
[Black "Brandt, Daniel"]
[Result "1-0"]
[WhiteElo "2246"]
[BlackElo "1872"]
[PlyCount "99"]
[EventDate "2020.07.20"]
[EventCountry "SUI"]
[SourceVersionDate "2020.07.21"]

1. Nf3 Nf6 2. c4 g6 3. g3 Bg7 4. Bg2 O-O 5. d4 d6 6. O-O Nbd7 7. Qc2 e5 8. e4
c6 9. Nc3 Qe7 10. Re1 Rd8 11. h3 Nf8 12. Be3 exd4 13. Nxd4 Ne6 14. Nde2 Nd7 15.
Rad1 a5 16. b3 Ndc5 17. f4 Nc7 18. Qd2 Be6 19. g4 f5 20. exf5 gxf5 21. gxf5
Bxf5 22. Ng3 Qf7 23. Bxc5 dxc5 24. Qxd8+ Rxd8 25. Rxd8+ Bf8 26. Nce4 Bxe4 27.
Nxe4 Ne6 28. Ng5 Nxg5 29. fxg5 Qc7 30. Ree8 Qg3 31. Rxf8+ Kg7 32. Rg8+ Kf7 33.
Rdf8+ Ke6 34. Rf3 Qe1+ 35. Bf1 Qa1 36. Rf6+ Ke5 37. Rf2 Qc3 38. Re8+ Kd6 39.
Rd8+ Kc7 40. Rd3 Qc1 41. h4 Kb6 42. Rf7 Qe1 43. Rxh7 a4 44. g6 Qe4 45. Rg3 Qd4+
46. Kh2 Qf2+ 47. Bg2 a3 48. g7 Qxa2 49. g8=Q Qb2 50. Qd8+ 1-0

[Event "Corona Open"]
[Site "Biel/Bienne"]
[Date "2020.07.23"]
[Round "4.13"]
[White "Mathieu, Phileas"]
[Black "Fecker, Jan"]
[Result "1-0"]
[WhiteElo "2214"]
[BlackElo "1898"]
[PlyCount "67"]
[EventDate "2020.07.20"]
[EventCountry "SUI"]
[SourceVersionDate "2020.07.21"]

1. e4 c5 2. Nf3 e6 3. b3 Nc6 4. Bb2 d6 5. d4 cxd4 6. Nxd4 Nf6 7. Nc3 a6 8. Nxc6
bxc6 9. Bd3 d5 10. O-O Qc7 11. f4 h5 12. Qf3 Be7 13. Rae1 Bd7 14. Kh1 a5 15. a4
Rd8 16. exd5 cxd5 17. Nb5 Qb6 18. f5 O-O 19. fxe6 Bxe6 20. Qg3 Qb8 21. Be5 h4
22. Qxh4 Ne4 23. Qh5 Qb7 24. Nc3 f5 25. Qg6 Bf6 26. Nxe4 dxe4 27. Bxe4 Qb4 28.
Bxf5 Bxf5 29. Qxf5 Bxe5 30. Qe6+ Kh7 31. Qxe5 Rxf1+ 32. Rxf1 Qd2 33. Qf5+ Kg8
34. h3 1-0

[Event "Corona Open"]
[Site "Biel/Bienne"]
[Date "2020.07.23"]
[Round "4.14"]
[White "Ernst, Heinz"]
[Black "Emmenecker, Pierre-Antoine"]
[Result "0-1"]
[WhiteElo "1830"]
[BlackElo "2172"]
[Annotator "Workshop,Festival"]
[PlyCount "88"]
[EventDate "2020.07.20"]
[EventCountry "SUI"]
[SourceVersionDate "2020.07.21"]

1. d4 d5 2. c4 e6 3. Nc3 c5 4. cxd5 exd5 5. Nf3 Nc6 6. g3 Nf6 7. Bg2 Be7 8. O-O
O-O 9. dxc5 Bxc5 10. Bg5 d4 11. Bxf6 Qxf6 12. Ne4 Qe7 13. Nxc5 Qxc5 14. Qd2 Rd8
15. Rfd1 Be6 16. b3 h6 17. Qb2 a5 18. Rac1 Qb6 19. Rd2 Rd7 20. Rcd1 Rad8 21.
Ne1 {(=)} Nb4 22. Nd3 Nxd3 23. Rxd3 a4 24. Qa3 axb3 25. axb3 Rc8 26. b4 Rc4 27.
Qa5 Rxb4 28. Qxb6 Rxb6 29. h4 Rbd6 30. e3 dxe3 31. Rxd6 Rxd6 32. Bf3 Rxd1+ 33.
Bxd1 exf2+ 34. Kxf2 b5 35. Ke3 b4 36. Kd4 b3 37. Kc3 Kf8 38. Bf3 Ke7 39. Bc6
Kd6 40. Be4 Ke5 41. Bd3 Bd5 42. Be2 Ke4 43. Bg4 Be6 44. Bd1 Ke3 0-1

[Event "Corona Open"]
[Site "Biel/Bienne"]
[Date "2020.07.23"]
[Round "4.15"]
[White "Cahen, Alexis"]
[Black "Roth, Daniel"]
[Result "1-0"]
[WhiteElo "2125"]
[BlackElo "1863"]
[PlyCount "69"]
[EventDate "2020.07.20"]
[EventCountry "SUI"]
[SourceVersionDate "2020.07.21"]

1. d4 Nf6 2. Bf4 e6 3. Nf3 Be7 4. Nbd2 b6 5. e4 c5 6. c3 O-O 7. Bd3 Ba6 8. Bxa6
Nxa6 9. Qe2 Nc7 10. h3 Nh5 11. Bh2 cxd4 12. cxd4 Nf6 13. O-O d5 14. Rac1 dxe4
15. Nxe4 Ncd5 16. Ne5 Nxe4 17. Qxe4 Bd6 18. Rc6 Rc8 19. Rfc1 Rxc6 20. Rxc6 Qb8
21. Bg3 Nf6 22. Qc2 Bxe5 23. Bxe5 Qd8 24. Rc7 a5 25. Qc6 Nd5 26. Rb7 Qa8 27.
Bd6 Rd8 28. f4 h6 29. Be5 Qc8 30. Bc7 Nxc7 31. Rxc7 Qb8 32. f5 exf5 33. d5 Qa8
34. Rd7 Qxc6 35. Rxd8+ 1-0

[Event "Corona Open"]
[Site "Biel/Bienne"]
[Date "2020.07.23"]
[Round "4.16"]
[White "Dammann, Jorn"]
[Black "Jepsen, Thomas Tange"]
[Result "0-1"]
[WhiteElo "1850"]
[BlackElo "2116"]
[PlyCount "98"]
[EventDate "2020.07.20"]
[EventCountry "SUI"]
[SourceVersionDate "2020.07.21"]

1. e4 c6 2. d4 d5 3. e5 Bf5 4. h4 Qb6 5. g4 Bd7 6. Nc3 e6 7. Bd3 Qxd4 8. Nge2
Qb6 9. Be3 c5 10. b4 Qxb4 11. Rb1 Qa5 12. Rxb7 Bc6 13. Bb5 Bxb5 14. Rxb5 Qd8
15. Bxc5 Bxc5 16. Rxc5 Nd7 17. Rb5 Nxe5 18. Nd4 Ne7 19. Qe2 Qc7 20. Rh3 O-O 21.
h5 Nc4 22. Kf1 Qe5 23. Qxc4 Qf4 24. Qd3 Qxg4 25. h6 g6 26. Rb7 Nc8 27. Rg3 Qh5
28. Ncb5 Nb6 29. Nxa7 Nc4 30. Rh3 Qg4 31. a3 Nd2+ 32. Ke1 Ne4 33. Rh1 Rab8 34.
Rxb8 Rxb8 35. Nb3 Qg2 36. Rf1 Qg5 37. Qe3 Qf6 38. Nc6 Ra8 39. f3 Qh4+ 40. Kd1
Qh3 41. Re1 Qh5 42. Kc1 Nd6 43. Ncd4 Nc4 44. Qe2 Qxh6+ 45. Kb1 Nxa3+ 46. Kb2
Nc4+ 47. Kb1 Qf8 48. Qd3 Qb4 49. Rh1 Ra1+ 0-1

[Event "Corona Open"]
[Site "Biel/Bienne"]
[Date "2020.07.23"]
[Round "4.17"]
[White "Perestjuk, Marko"]
[Black "Stoecklin, Carlo"]
[Result "1-0"]
[WhiteElo "2116"]
[BlackElo "1857"]
[PlyCount "65"]
[EventDate "2020.07.20"]
[EventCountry "SUI"]
[SourceVersionDate "2020.07.21"]

1. e4 c6 2. d4 d5 3. e5 c5 4. dxc5 Nc6 5. Nf3 Bg4 6. c3 Bxf3 7. Qxf3 Nxe5 8.
Bb5+ Nc6 9. O-O e6 10. Be3 Nf6 11. c4 Be7 12. Nc3 a6 13. Ba4 Qa5 14. a3 O-O 15.
b4 Qd8 16. cxd5 exd5 17. Rad1 Ne5 18. Qf5 Nc4 19. Bc1 g6 20. Qf3 Ne5 21. Qg3
Nc6 22. Rfe1 Qd7 23. Bg5 d4 24. Rxe7 Qxe7 25. Nd5 Nxd5 26. Bxe7 Ndxe7 27. h4
Nf5 28. Qc7 Rab8 29. Bxc6 Rfc8 30. Qxc8+ Rxc8 31. Bxb7 Rd8 32. Bxa6 Nxh4 33. c6
1-0

[Event "Corona Open"]
[Site "Biel/Bienne"]
[Date "2020.07.23"]
[Round "4.18"]
[White "Schimmer, Michael"]
[Black "Carre, Sylvain"]
[Result "0-1"]
[WhiteElo "1776"]
[BlackElo "2106"]
[PlyCount "74"]
[EventDate "2020.07.20"]
[EventCountry "SUI"]
[SourceVersionDate "2020.07.21"]

1. e4 g6 2. d4 d5 3. exd5 Qxd5 4. Nc3 Qd8 5. Bc4 Bg7 6. Be3 Nh6 7. Qd2 Nf5 8.
O-O-O O-O 9. h4 Nxe3 10. fxe3 Bg4 11. Nf3 Nd7 12. Ne4 Nf6 13. Nf2 Bxf3 14. gxf3
h5 15. Rhg1 e6 16. Nh3 b5 17. Bxe6 fxe6 18. Rxg6 Kf7 19. Qd3 Bh8 20. Nf4 Qd7
21. e4 Rg8 22. e5 Nd5 23. Rxg8 Rxg8 24. Qh7+ Bg7 25. Qxh5+ Ke7 26. Qg5+ Ke8 27.
Qg6+ Qf7 28. Qxe6+ Qxe6 29. Nxe6 Bh6+ 30. Kb1 Rg2 31. Rh1 Rf2 32. Ng5 Bxg5 33.
hxg5 Rxf3 34. Rg1 Kf7 35. c3 Rf2 36. g6+ Kg7 37. Rg5 c6 0-1

[Event "Corona Open"]
[Site "Biel/Bienne"]
[Date "2020.07.23"]
[Round "4.19"]
[White "Emmenecker, Philippe"]
[Black "Courjal, Pauline"]
[Result "0-1"]
[WhiteElo "2100"]
[BlackElo "1848"]
[PlyCount "168"]
[EventDate "2020.07.20"]
[EventCountry "SUI"]
[SourceVersionDate "2020.07.21"]

1. d4 Nf6 2. c4 g6 3. Nc3 Bg7 4. e4 d6 5. f4 O-O 6. Nf3 e5 7. fxe5 dxe5 8. d5
Na6 9. Be2 Nc5 10. Bg5 h6 11. Bxf6 Qxf6 12. b4 Nd7 13. c5 a5 14. a3 Qf4 15. g3
Qe3 16. Qd2 Qxd2+ 17. Kxd2 f5 18. Nh4 Kh7 19. Bd3 Nf6 20. exf5 g5 21. Ng6 Re8
22. h4 axb4 23. Ne4 g4 24. Nxf6+ Bxf6 25. Be4 bxa3 26. Rhc1 Ra4 27. Ke3 Bd7 28.
c6 bxc6 29. dxc6 Bc8 30. Rc3 a2 31. Rc2 Ra3+ 32. Ke2 Ba6+ 33. Kf2 Bd3 34. Bxd3
Rxd3 35. Raxa2 Rf3+ 36. Kg2 Rxf5 37. h5 Rxh5 38. Nh4 Bxh4 39. gxh4 Rxh4 40. Ra7
Rc8 41. Kg3 Rh1 42. Kxg4 Kg6 43. Rc5 h5+ 44. Kg3 Kf5 45. Raa5 Re1 46. Rc3 Rg1+
47. Kf2 Rg4 48. Ra7 h4 49. Rh3 Rf4+ 50. Ke2 Kg4 51. Rh1 Rc4 52. Rg1+ Kf4 53.
Rh1 Kf5 54. Kd3 Rd4+ 55. Ke3 Ke6 56. Rg1 Rf4 57. Rg6+ Rf6 58. Rg7 Rh6 59. Rgxc7
Rxc7 60. Rxc7 Kd6 61. Rd7+ Kxc6 62. Rd2 h3 63. Rh2 Kd5 64. Rd2+ Ke6 65. Rh2 Kf5
66. Kf3 e4+ 67. Ke3 Ke5 68. Rb2 Rd6 69. Rb5+ Rd5 70. Rb8 Rd3+ 71. Kf2 Rf3+ 72.
Ke2 Kf4 73. Rf8+ Kg3 74. Rg8+ Kh2 75. Rg4 Rg3 76. Rf4 e3 77. Kf1 Rg2 78. Rf3
Rg3 79. Rf5 Rg1+ 80. Ke2 Rg2+ 81. Ke1 Kh1 82. Rf3 h2 83. Rf4 e2 84. Rf3 Kg1 0-1

[Event "Corona Open"]
[Site "Biel/Bienne"]
[Date "2020.07.23"]
[Round "4.20"]
[White "Bruessow, Jakob"]
[Black "Adrian, Leopold"]
[Result "1/2-1/2"]
[WhiteElo "1779"]
[BlackElo "2061"]
[Annotator "Workshop,Festival"]
[PlyCount "134"]
[EventDate "2020.07.20"]
[EventCountry "SUI"]
[SourceVersionDate "2020.07.21"]

1. e4 e6 2. d4 d5 3. Nc3 Bb4 4. e5 Ne7 5. a3 Bxc3+ 6. bxc3 b6 7. Qg4 Ng6 8. h4
h5 9. Qg3 Ba6 10. Bxa6 Nxa6 11. Nf3 Nb8 12. Ng5 Qd7 13. O-O Nc6 14. a4 Nge7 15.
Qf3 Nf5 16. g3 O-O-O 17. Re1 Na5 18. Qd3 Kb7 19. Bf4 Rde8 20. Reb1 Re7 21. Nf3
Rc8 22. Nd2 c5 23. Nb3 Nxb3 24. cxb3 a6 25. Be3 Qc6 26. Rc1 c4 27. Qd1 cxb3 28.
Qxb3 Qc4 29. Qxc4 Rxc4 30. Bd2 Rec7 31. Kg2 Ne7 32. f4 Rc8 33. Kf3 {(=)} g6 34.
Ke3 Nc6 35. Kd3 Na5 36. Ra3 Ka7 37. Rc2 R4c6 38. Be1 Rc4 39. Bd2 R4c6 40. Be1
Kb7 41. Rc1 Nc4 42. Rb3 R6c7 43. Rc2 {(=)} Kc6 44. Bd2 Rb8 45. Ra2 Rcb7 46. Ra1
Ra8 47. Bc1 b5 48. axb5+ Rxb5 49. Rxb5 Kxb5 50. Ba3 a5 51. Rb1+ Kc6 52. Ra1 Rb8
53. Bc1 Rb7 54. Kc2 Rb8 55. Ra2 Ra8 56. Kb3 Kb5 57. Ra4 Ra7 58. Ra1 a4+ 59. Kc2
Ka5 60. Ra2 Rb7 61. Ra1 Rb3 62. Ra2 Nb6 63. Ba3 Nc4 64. Bc1 Kb5 65. Ra1 Nb6 66.
Ba3 Na8 67. Bd6 Nb6 1/2-1/2

[Event "Corona Open"]
[Site "Biel/Bienne"]
[Date "2020.07.23"]
[Round "4.21"]
[White "Pham, Khoi"]
[Black "Wenger, Arejou"]
[Result "1-0"]
[WhiteElo "2048"]
[BlackElo "1831"]
[PlyCount "79"]
[EventDate "2020.07.20"]
[EventCountry "SUI"]
[SourceVersionDate "2020.07.21"]

1. e4 Nf6 2. e5 Nd5 3. d4 d6 4. Nf3 g6 5. Bc4 Nb6 6. Bb3 Bg7 7. Qe2 O-O 8. h3
Nc6 9. Bf4 dxe5 10. Bxe5 Nxe5 11. dxe5 c5 12. O-O Qc7 13. Nbd2 e6 14. c4 Nd7
15. Rfe1 b6 16. Ba4 Rd8 17. Qe4 Bb7 18. Qf4 f6 19. Bxd7 Rxd7 20. Qh4 fxe5 21.
Ng5 Bf6 22. Nde4 Bxe4 23. Qxe4 Re8 24. Nf3 Red8 25. b3 Kf7 26. g4 Rd3 27. g5
Bg7 28. Re2 Rd1+ 29. Rxd1 Rxd1+ 30. Kg2 Qd6 31. Re3 Ra1 32. Rd3 Qc7 33. a4 Ra2
34. Nd2 Kg8 35. Qa8+ Bf8 36. Ne4 Kg7 37. Nf6 Qf7 38. Rd7 Be7 39. Rxe7 Qxe7 40.
Qg8# 1-0

[Event "Corona Open"]
[Site "Biel/Bienne"]
[Date "2020.07.23"]
[Round "4.22"]
[White "Krivenko, Dion"]
[Black "Shatil, Shir"]
[Result "1-0"]
[WhiteElo "2046"]
[BlackElo "1826"]
[PlyCount "107"]
[EventDate "2020.07.20"]
[EventCountry "SUI"]
[SourceVersionDate "2020.07.21"]

1. e4 c6 2. Ne2 d5 3. e5 c5 4. c3 Nc6 5. d4 Bf5 6. Ng3 Bxb1 7. Rxb1 e6 8. Bb5
Qb6 9. Bxc6+ bxc6 10. O-O cxd4 11. cxd4 Ne7 12. Be3 Ng6 13. Nh5 Rg8 14. Qa4 Be7
15. Rfc1 Qb5 16. Qc2 Rc8 17. b4 Kd7 18. a3 Nh4 19. Ng3 g6 20. Ne2 Nf5 21. Nc3
Qb7 22. Na4 Qb5 23. Rb2 Rc7 24. Qd1 a6 25. g4 Nxe3 26. fxe3 Rd8 27. Nc5+ Ke8
28. Qf3 Bxc5 29. Rxc5 Qd3 30. Rf2 Qe4 31. Qxe4 dxe4 32. g5 Rd5 33. Rfc2 Kd7 34.
Kg2 Rxc5 35. Rxc5 Rb7 36. Ra5 Ra7 37. Kg3 Kc7 38. Kf4 Kb6 39. Kxe4 Rd7 40. Rc5
Rd8 41. Kd3 h6 42. gxh6 Rh8 43. Rc2 Rxh6 44. Rf2 Rh7 45. a4 Kc7 46. Kc4 Kd8 47.
Kc5 Kc7 48. Rf3 g5 49. h3 Rg7 50. e4 Rh7 51. d5 exd5 52. exd5 cxd5 53. Kxd5 Kd7
54. Rxf7+ 1-0

[Event "Corona Open"]
[Site "Biel/Bienne"]
[Date "2020.07.23"]
[Round "4.23"]
[White "Bachofner, Stephan"]
[Black "Ohler, Julius"]
[Result "0-1"]
[WhiteElo "1767"]
[BlackElo "2024"]
[Annotator "Workshop,Festival"]
[PlyCount "88"]
[EventDate "2020.07.20"]
[EventCountry "SUI"]
[SourceVersionDate "2020.07.21"]

1. f4 d5 2. Nf3 g6 3. c3 Bg7 4. Na3 Nh6 5. d3 O-O 6. g3 c5 7. Bg2 Nc6 8. O-O
Nf5 9. e4 dxe4 10. dxe4 Nd6 11. e5 Ne8 12. Be3 Qa5 13. Qd5 c4 14. Qxc4 Be6 15.
Qc5 Nc7 16. Qxa5 Nxa5 17. Nd4 Bd5 18. Bxd5 Nxd5 19. Kf2 a6 20. Rfd1 e6 21. b4
Nxe3 22. Kxe3 Nc6 23. Nxc6 bxc6 24. Rd6 c5 25. bxc5 Rfc8 26. c6 Bf8 27. Rad1
Bxd6 28. Rxd6 Rab8 29. Kd4 Kf8 30. Nc4 Ke8 31. a4 Rb3 32. a5 {(=)} Rb5 33.
Rxe6+ fxe6 34. Nd6+ Kd8 35. Nxb5 axb5 36. Kc5 Kc7 37. a6 Rb8 38. g4 Rb6 39. a7
Ra6 40. f5 gxf5 41. gxf5 exf5 42. e6 Rxa7 43. e7 Ra8 44. Kd5 f4 0-1